[Event "CZE-chTW U20 0910"]
[Site "Czech Republic"]
[Date "2009.10.03"]
[Round "1.3"]
[White "Hodan, Jiri"]
[Black "Safarik, Jakub"]
[Result "0-1"]
[WhiteElo "1467"]
[BlackElo "1924"]
[PlyCount "32"]
[EventDate "2009.10.03"]
[EventType "team-tourn"]
[EventRounds "7"]
[EventCountry "CZE"]
[SourceTitle "EXT 2011"]
[Source "ChessBase"]
[SourceDate "2010.11.26"]
[SourceVersion "1"]
[SourceVersionDate "2010.11.26"]
[SourceQuality "1"]
[WhiteTeam "Plzen (U20)"]
[BlackTeam "Horice (U20)"]
[WhiteTeamCountry "CZE"]
[BlackTeamCountry "CZE"]

1. e4 c5 2. Nf3 Nc6 3. d4 cxd4 4. Nxd4 Nf6 5. Nc3 e5 6. Ndb5 d6 7. Be3 a6 8. Na3 b5 9. Nd5 Nxd5 10. Qxd5 Bb7 11. b4 Qc7 12. Qb3 d5 13. exd5 Nxb4 14. Rd1 Qa5 15. Bd2 Qxa3 16. Bxb4 Bxb4+ 0-1